000 00523nam a2200181 4500
001 108737
003 ES-MaACL
005 20230906184711.0
007 t|
008 061121s1977 sp r ||||1| spa d
100 1 _aMontale, Eugenio.
_982343
245 1 0 _aAuto de fé /
_cEugenio Montale; traducción de Enrique Molina Campos.
250 _a1ª. ed.
260 _aBarcelona :
_bArgos,
_c1977.
300 _a331 p. :
_bil ;
_c21 cm.
700 1 _aMolina Campos, Enrique.
_981917
852 _aES-MaACL
_jA-6568
_bR.95612
999 _c108737
_d108737